Catalog

Record Details

Catalog Search



Fundamentalismus jako militantní pravdivostní nárok : když se náboženství stane nebezpečným  Cover Image Book Book

Fundamentalismus jako militantní pravdivostní nárok : když se náboženství stane nebezpečným / Thomas Schirrmacher ; překlad: René Drápala

Summary:

Rozbor otázky fundamentalismu z různých úhlů pohledu. Kniha reflektuje do hloubky podstatu fundamentalismu, hledá jeho kořeny a ukazuje jeho podoby i příklady v dějinách. V této souvislosti uvažuje o možných spojitostech s ortodoxním pojetím náboženství, radikalismem, politikou, mocí i negativním násilným chováním člověka a jeho často nadřazeným postojem k okolnímu světu a druhým lidem.

Record details

  • ISBN: 978-80-7255-423-2
  • Physical Description: 118 stran ; 21 cm
  • Edition: První vydání
  • Publisher: Praha : Návrat domů, s.r.o., 2019

Content descriptions

General Note:
Přeloženo z němčiny
Bibliography, etc. Note:
Obsahuje bibliografické odkazy
Subject: fundamentalismus
náboženská hnutí
světová náboženství
náboženství a politika
náboženství a společnost
fundamentalism
religious movements
religions
religion and politics
religion and society
Genre: pojednání
essays

Available copies

  • 1 of 1 copy available at Common Catalog SPOK.

Holds

  • 0 current holds with 1 total copy.
Show All Copies
Location Call Number / Copy Notes Barcode Shelving Location Status Due Date
ETS Library 230.04626 424470017353 Volný výběr Available -

LDR 03164nam a2200793 i 4500
00145989
003CZ-PrJAB
00520200304093055.0
007ta
008190613t20192019xr e 000 0 cze
015 . ‡acnb003102430
020 . ‡a978-80-7255-423-2 ‡q(brožováno)
035 . ‡a(CZ PrSKC)nkc20193102430
035 . ‡a(OCoLC)1119028723
040 . ‡aOLA001 ‡bcze ‡dABA001 ‡erda
0411 . ‡acze ‡hger
072 7. ‡a2 ‡xNáboženství ‡2Konspekt ‡95
080 . ‡a2-832-184.25 ‡2MRF
080 . ‡a2-8 ‡2MRF
080 . ‡a21/29-027.543 ‡2MRF
080 . ‡a322 ‡2MRF
080 . ‡a2-67 ‡2MRF
080 . ‡a(049) ‡2MRF
08214. ‡a230.04626
1001 . ‡aSchirrmacher, Thomas, ‡d1960- ‡7xx0202721 ‡4aut
24010. ‡aFundamentalismus. ‡lČesky
24510. ‡aFundamentalismus jako militantní pravdivostní nárok : ‡bkdyž se náboženství stane nebezpečným / ‡cThomas Schirrmacher ; překlad: René Drápala
24618. ‡aFundamentalismus
250 . ‡aPrvní vydání
264 1. ‡aPraha : ‡bNávrat domů, s.r.o., ‡c2019
264 4. ‡c©2019
300 . ‡a118 stran ; ‡c21 cm
336 . ‡atext ‡btxt ‡2rdacontent
337 . ‡abez média ‡bn ‡2rdamedia
338 . ‡asvazek ‡bnc ‡2rdacarrier
500 . ‡aPřeloženo z němčiny
504 . ‡aObsahuje bibliografické odkazy
520 . ‡aRozbor otázky fundamentalismu z různých úhlů pohledu. ‡bKniha reflektuje do hloubky podstatu fundamentalismu, hledá jeho kořeny a ukazuje jeho podoby i příklady v dějinách. V této souvislosti uvažuje o možných spojitostech s ortodoxním pojetím náboženství, radikalismem, politikou, mocí i negativním násilným chováním člověka a jeho často nadřazeným postojem k okolnímu světu a druhým lidem.
65007. ‡afundamentalismus ‡7ph114592 ‡2czenas
65007. ‡anáboženská hnutí ‡7ph123372 ‡2czenas
65007. ‡asvětová náboženství ‡7ph116361 ‡2czenas
65007. ‡anáboženství a politika ‡7ph115486 ‡2czenas
65007. ‡anáboženství a společnost ‡7ph138511 ‡2czenas
65009. ‡afundamentalism ‡2eczenas
65009. ‡areligious movements ‡2eczenas
65009. ‡areligions ‡2eczenas
65009. ‡areligion and politics ‡2eczenas
65009. ‡areligion and society ‡2eczenas
655 7. ‡apojednání ‡7fd133056 ‡2czenas
655 9. ‡aessays ‡2eczenas
7001 . ‡aDrápala, René ‡7ola2016911565 ‡4trl
910 . ‡aABG450
901 . ‡a45989 ‡bCZ-PrJAB ‡c45989 ‡tbiblio

Additional Resources